| Tag |
First Indicator |
Second Indicator |
Subfields |
| LEADER |
00000cam a22000001a 4500 |
| 001 |
in00002163021 |
| 006 |
m e d # |
| 007 |
cr mn mmmmabba |
| 008 |
850621s1795 riu s 000 0 eng d |
| 005 |
20260331162803.5 |
| 035 |
|
|
|z w000775
|
| 035 |
|
|
|a MAAR8506213520B
|
| 035 |
|
|
|9 mwa91-2926
|
| 035 |
|
|
|a 331888
|
| 035 |
|
|
|a aas03000775
|
| 040 |
|
|
|a MWA
|c MWA
|e bdrb
|d UtOrBLW
|
| 245 |
0 |
0 |
|a 1795. His Excellency Arthur Fenner, Esq; governor. The Honourable Samuel J. Potter, Esq; deputy-governor.
|
| 264 |
|
3 |
|a [Providence] :
|b Printed by Carter and Wilkinson,
|c [1795]
|
| 300 |
|
|
|a 1 sheet (1 unnumbered page) ;
|c 24 x 16 cm.
|
| 336 |
|
|
|a text
|b txt
|2 rdacontent
|
| 337 |
|
|
|a computer
|b c
|2 rdamedia
|
| 338 |
|
|
|a online resource
|b cr
|2 rdacarrier
|
| 500 |
|
|
|a Rhode Island election proxy for 1795.
|
| 500 |
|
|
|a Carter and Wilkinson printed at Providence in 1795.
|
| 510 |
4 |
|
|a Bristol
|c B9268
|
| 510 |
4 |
|
|a Shipton & Mooney
|c 47575
|
| 510 |
4 |
|
|a Alden, J.E. Rhode Island,
|c 1431
|
| 530 |
|
|
|a Microform version available in the Readex Early American Imprints series.
|
| 533 |
|
|
|a Electronic text and image data.
|b [Chester, Vt. :
|c Readex, a division of Newsbank, Inc.,
|d 2002-2004.
|e Includes files in TIFF, GIF and PDF formats with inclusion of keyword searchable text.
|f (Early American imprints. First series ; no. 47575).
|
| 500 |
|
|
|a Electronic resource.
|
| 600 |
1 |
0 |
|a Fenner, Arthur,
|d 1745-1805.
|
| 600 |
1 |
0 |
|a Potter, Samuel J.,
|d 1739-1804.
|
| 650 |
|
0 |
|a Elections
|z Rhode Island.
|
| 651 |
|
0 |
|a Rhode Island
|x Politics and government
|y 1775-1865.
|
| 655 |
|
7 |
|a Broadsides.
|2 rbgenr
|
| 740 |
0 |
|
|a His Excellency Arthur Fenner, Esq; governor.
|
| 752 |
|
|
|a United States
|b Rhode Island
|d Providence.
|
| 830 |
|
0 |
|a Early American imprints.
|n Series I,
|p Evans (1639-1800) ;
|v no. 47575.
|
| 856 |
4 |
1 |
|u http://proxy.library.tamu.edu/login?url=https://opac.newsbank.com/select/evans/47575
|y Evans Digital Edition
|t 0
|
| 999 |
|
|
|a MARS
|
| 999 |
f |
f |
|s 797453ab-c225-3d54-9db4-e184a1109fbc
|i bb877bf7-b3fc-3f90-8c6a-49a77950d930
|t 0
|
| 952 |
f |
f |
|a Texas A&M University
|b College Station
|c Electronic Resources
|s www_evans
|d Available Online
|t 0
|h No information provided
|
| 998 |
f |
f |
|t 0
|l Available Online
|